Normal view
MARC view
Entry Topical Term
001 - CONTROL NUMBER
- control field: 3819
003 - CONTROL NUMBER IDENTIFIER
- control field: OSt
005 - DATE AND TIME OF LATEST TRANSACTION
- control field: 20260506113517.0
008 - FIXED-LENGTH DATA ELEMENTS
- fixed length control field: 260506|| aca||aabn | a|a d
040 ## - CATALOGING SOURCE
- Original cataloging agency: OSt
- Transcribing agency: OSt
150 ## - HEADING--TOPICAL TERM
- Topical term or geographic name entry element: Message Passing Interface (MPI)
670 ## - SOURCE DATA FOUND
- Source citation: Work cat.: (OSt)1924: Eijkhout, Victor author 3817, Parallel Programmimg in MPI and OpenMP, 2017